000 00440nam a2200169Ia 4500
008 240729s9999 xx 000 0 und d
022 _a2616-5155
245 0 _aMalaysian E Commerce Journal
260 _aMalaysia
260 _bZibeline International
650 _a Business
650 _a Commerce
650 _aSocial Sciences
856 _uhttps://doaj.org/toc/ee2e3467505d45d4a1a31b337cd7d3b4
942 _2ddc
942 _cDOAJEJ
999 _c70853
_d70853
945 _a1
_bMadushi Gamage
_c1
_dMadushi Gamage